Fürsten und Pharaonen - Ägypten in Bayern : mit einem Katalog des französischen Empiremöbel-Ensembles aus dem Münchner Palais Leuchtenberg /

محفوظ في:

المؤلف الرئيسي: Grimm-Stadelmann, Isabel (مؤلف)

مؤلفون آخرون: Grimm, Alfred, 1953-

التنسيق: كتاب

اللغة: German

منشور في: Berlin : Deutscher Kunstverlag, c2011.

الموضوعات:

الوسوم: إضافة وسم

لا توجد وسوم, كن أول من يضع وسما على هذه التسجيلة!

رقم الطلب: NK952 .B35 G75 2011

LEADER 01103nam a22002777a 4500
003 OSt
005 20250901102941.0
008 250303s2011 gw a g bc 000 0 ger d
010 |a 2011518872 
020 |a 9783422070820 
040 |c ARCE Library 
043 |a e-gx--- 
050 1 4 |a NK952 .B35  |b G75 2011 
100 1 |a Grimm-Stadelmann, Isabel,   |e author 
245 1 0 |a Fürsten und Pharaonen - Ägypten in Bayern :   |b mit einem Katalog des französischen Empiremöbel-Ensembles aus dem Münchner Palais Leuchtenberg /   |c Isabel Grimm-Stadelmann, Alfred Grimm. 
264 1 |a Berlin :   |b Deutscher Kunstverlag,   |c c2011. 
300 |a 355 pages :   |b illustrations (chiefly color) ;   |c 29 cm. 
504 |a Includes bibliographical references. 
610 2 0 |a Leuchtenberg-Palais (Munich, Germany)  |v Catalogs.  |9 22790 
650 0 |a Decorative arts  |x Egyptian influences  |v Catalogs. 
650 0 |a Decorative arts  |z Germany  |z Bavaria  |x Foreign influences  |v Catalogs. 
650 0 |a Decorative arts  |z Germany  |z Munich  |v Catalogs. 
700 1 |a Grimm, Alfred,  |d 1953- 
901 |a reviewed 
942 |c BK  |2 lcc 
999 |c 23837  |d 23837